| 000 | 01307nam0a22002771 4500 | ||
|---|---|---|---|
| 001 | v19\rc\1599097 | ||
| 005 | 20061002112657.0 | ||
| 035 | _a(NLR Aleph) 004721881 | ||
| 090 |
_a4343979 _c4343979 |
||
| 100 | _a20061002d1896 |||y0rusy50 ca | ||
| 101 | 0 | _arus | |
| 102 | _aRU | ||
| 105 | _ay z ||||| | ||
| 200 | 1 |
_aПрограмма по обучению начальной арифметике с объяснительной к ней запиской для учителей и учительниц начальных училищ Дмитровского уезда, Моск. губ. _fПед. курсы в г. Дмитрове 15-30 июля 1895 г. _gРук. К.П. Аржеников, преп. Поливан. учит. семинарии |
|
| 210 |
_aМосква _cт-во скоропеч. А.А. Левенсон _d1896 |
||
| 215 |
_a[4], 64 с. _d25 |
||
| 320 | _aБиблиогр.: "Сборник задач и примеров. Руководства для учителей" (с. 63-64) | ||
| 700 | 1 |
_aАржеников _bК. П. _gКонстантин Петрович |
|
| 801 | 0 |
_aRU _bNLR _gpsbo |
|
| 801 | 0 |
_aRU _bRuMoRGB _2psbo |
|
| 801 | 1 |
_aRU _bProSoft-M _2rusmarc |
|
| 852 |
_aNLR _j18.287.6.272 |
||
| 899 |
_aRuMoRGB _jA 161/300 |
||
| 899 | _aБАН | ||
| 942 | _cBOOK | ||
| 980 | _aNB | ||